Vplyv parametrov tepelného spracovania a kaliaceho média na obsah zvyškového austenitu
Uložené v:
| Hlavný autor: | |
|---|---|
| Ďalší autori: | |
| Médium: | Rukopis Kniha |
| Jazyk: | Slovak |
| Vydavateľské údaje: |
STU v Bratislave MTF UMAT,
2010
|
| Predmet: | |
| On-line prístup: | VAIS |
| Tagy: |
Žiadne tagy, Buďte prvý, kto otaguje tento záznam!
|
MARC
| LEADER | 00000ntm a22000003a 4500 | ||
|---|---|---|---|
| 001 | stu207893 | ||
| 005 | 20160719160316.5 | ||
| 008 | 100722s2010------------------------slo-d | ||
| 040 | |a STU |b slo | ||
| 041 | 0 | |a slo | |
| 100 | 1 | |a Štepanovský, Ondrej, |d 1984- |4 aut |X 31433 |7 A000031433 | |
| 242 | 0 | 0 | |a Influence of Parameters of Thermal Processing and Hardening Medium on Content of Residual Austenite |y eng |
| 245 | 1 | |a Vplyv parametrov tepelného spracovania a kaliaceho média na obsah zvyškového austenitu | |
| 260 | |b STU v Bratislave MTF UMAT, |c 2010 | ||
| 650 | 7 | |a zvyškový austenit |2 stusub | |
| 650 | 7 | |a kalenie |2 stusub | |
| 650 | 7 | |a popúšťanie |2 stusub | |
| 700 | 1 | |a Jankovič, Jozef, |d 1974- |4 xxx |u M950 |X 36639 |U M950 |Y M950 |7 A000036639 | |
| 856 | 4 | |a info a plný text |u http://is.stuba.sk/zp/portal_zp.pl?podrobnosti=75316 |3 VAIS | |
| 996 | |c M*DP-9136 |l MMSKP |s P |a 0 |w stu207893_0001 | ||